| 000 | 00734nam a22002297a 4500 | ||
|---|---|---|---|
| 005 | 20170124110220.0 | ||
| 010 | _a630259 | ||
| 020 | _c00.00 | ||
| 035 | _a630259 | ||
| 037 | _bCen Lib/Ret | ||
| 040 |
_aDPL _bEN |
||
| 082 |
_a920.3 _bKEE |
||
| 100 |
_aKeene, Henry George _931415 |
||
| 245 |
_aAn oriental biographical dictionary : _cby Thomas William Beale _bfounded on materials collected / |
||
| 250 | _arev. enl. ed | ||
| 260 |
_aNew Delhi _bManohar Reprint _c1971 |
||
| 270 |
_bNew Delhi _a2, Daryaganj, Ansari Road, Panna Bhawan _e110002 |
||
| 300 |
_avii,431p. _c22cm(Hb) |
||
| 650 |
_aOrient -- Biography -- Dictionaries _939708 |
||
| 650 |
_aAsia -- Orient _939709 |
||
| 942 |
_2ddc _cEN _h920.3 _mKEE |
||
| 999 |
_c134074 _d134074 |
||